01064 2200205 4500001002100000005001500021035002000036007000300056008004100059020002200100082001100122084001700133100004600150245008800196260003100284300004800315700002500363520046000388600001000848INLIS00000000000232320260406074801 a0010-0426000001ta260406 j 0 ind  a978-623-266-951-2 a551.63 a551.63 .ED a0 a.Edvin Aldrian, B. Eng.,MSc ( Pengarang )1 aApa itu perubahan iklim ? /cProf.Dr.Edvin Aldrian, B. Eng.,MSc ; editor, Hanissa E aJakarta :bErlangga,c2023 a122 hlm :biIus,bergambar,berwarna ;c21 cm0 aHanissa E ( Editor ) aKondisi bumi berubah dengan cepat, seperti gurun pasir yang meluas, curah hujan yang tak menentu, munculnya fenomena cuaca ekstrem, hingga mencairnya es laut di kutub. Berbagai peristiwa ini perlu kita pahami sebagai langkah awal membangun kesadaran kita terhadap imbas berubahnya iklim bumi. Buku Apa Itu Perubahan Iklim? membantu kita belajar mengenai penyebab, dampak, serta tindakan yang dapat diambil sebagai bentuk pengendalian laju perubahan iklim. 4aSains